Statistics for California’s Presidential Voting History

Click here to take the quiz!

General Stats

  • This quiz has been taken 13 times
  • The average score is 35 of 42

Answer Stats

QuestionAnswer% Correct
1864Abraham Lincoln
100%
2000Al Gore
100%
2012Barack Obama
100%
2008Barack Obama
100%
1996Bill Clinton
100%
1992Bill Clinton
100%
1924Calvin Coolidge
100%
1936Franklin Roosevelt
100%
1944Franklin Roosevelt
100%
1940Franklin Roosevelt
100%
1932Franklin Roosevelt
100%
2016Hillary Clinton
100%
2004John Kerry
100%
1904Theodore Roosevelt
100%
1920Warren Harding
100%
1908William Howard Taft
100%
1964Lyndon Johnson
91%
1984Ronald Reagan
91%
1980Ronald Reagan
91%
1868Ulysses Grant
91%
1872Ulysses Grant
91%
1860Abraham Lincoln
82%
1952Dwight Eisenhower
82%
1956Dwight Eisenhower
82%
1852Franklin Pierce
82%
1892Grover Cleveland
82%
1948Harry Truman
82%
1972Richard Nixon
82%
1960Richard Nixon
82%
1988George H. W. Bush
73%
1928Herbert Hoover
73%
1876Rutherford Hayes
73%
1912Theodore Roosevelt
73%
1896William McKinley
73%
1900William McKinley
73%
1968Richard Nixon
64%
1916Woodrow Wilson
64%
1888Benjamin Harrison
55%
1884James Blaine
55%
1856James Buchanan
45%
1976Gerald Ford
36%
1880Winfield Hancock
27%

Score Distribution

Percentile by Number Answered

Percent of People with Each Score

Your Score History

You have not taken this quiz